banner-ar

السودان فى المفاوضات المصرية البريطانية 1930 - 1936 / (Record no. 45381)

MARC details
000 -الفاتح
حقل البيانات ثابتة الطول 00635nam a2200217Ia 4500
008 - عناصر البيانات ثابتة الطول - معلومات عامة
حقل البيانات ثابتة الطول 140319s9999 xx 000 0 ara d
040 ## - مصدر الفهرسة
وكالة الفهرسة الأصلية GCL /
وكالة النسخ GCL
082 04 - رقم تصنيف ديوى العشرى
رقم التصنيف ق
رقم المادة 962.052
-- ب ا
100 1# - المدخل الرئيسى - إسم شخصى
الإسم الشخصى يونان لبيب رزق
245 10 - بيان العنوان
العنوان السودان فى المفاوضات المصرية البريطانية 1930 - 1936 /
بيان المسئوليه,etc يونان لبيب رزق
300 ## - الوصف المادى
التعداد 163 ص
490 ## - بيان السلسلة
عنوان السلسلة 100 قصة
رقم المجلد/ التعيين التسلسلي 0
650 04 - المدخل الاضافى بالموضوع-مصطلح موضوعى
مصطلح موضوعي مصر
650 04 - المدخل الاضافى بالموضوع-مصطلح موضوعى
مصطلح موضوعي السودان
650 04 - المدخل الاضافى بالموضوع-مصطلح موضوعى
مصطلح موضوعي التاريخ
650 04 - المدخل الاضافى بالموضوع-مصطلح موضوعى
مصطلح موضوعي معاهدة 1936
650 04 - المدخل الاضافى بالموضوع-مصطلح موضوعى
مصطلح موضوعي مفاوضات النحاس
650 04 - المدخل الاضافى بالموضوع-مصطلح موضوعى
مصطلح موضوعي هندرسون
942 ## - عناصر المدخل الإضافي( كوها)
مصدر التصنيف او مخطط الترفيف Dewey Decimal Classification
Koha [default] item type كتاب
Holdings
حالة التراجع حالة الفقد حالة تلف ليس للاعارة المكان المؤقت الموقع الحالى تاريخ الاكتساب اجمالي اﻻعارات رقم الطلب الباركود تاريخ اخر مشاهدة تاريخ تفعيل السعر نوع وعاء كوها
        مكتبة القاهرة الكبرى مكتبة القاهرة الكبرى 03/26/2014   ق\962.052\ب ا 110682 03/26/2014 03/26/2014 كتاب

Powered By

EGPV